[Event "ABC 2024 Utrecht, Groep B"]
[Site "Utrecht"]
[Date "2024.03.10"]
[Round "6.11"]
[White "Roebers, Bregje"]
[Black "Bajnath, Dhanesh"]
[Result "1-0"]
[WhiteElo "1803"]
[BlackElo "1760"]

1. e4 {[%clk 00:55:18]} {[%emt 00:00:02]} e5 {[%clk 00:55:17]} {[%emt
00:00:03]} 2. Nf3 {[%clk 00:55:21]} {[%emt 00:00:06]} Nc6 {[%clk 00:55:22]}
{[%emt 00:00:06]} 3. d4 {[%clk 00:55:24]} {[%emt 00:00:07]} exd4 {[%clk
00:55:30]} {[%emt 00:00:03]} 4. Nxd4 {[%clk 00:55:27]} {[%emt 00:00:06]} Nf6
{[%clk 00:55:32]} {[%emt 00:00:08]} 5. Nxc6 {[%clk 00:54:17]} {[%emt 00:01:20]}
bxc6 {[%clk 00:55:29]} {[%emt 00:00:12]} 6. Bd3 {[%clk 00:53:28]} {[%emt
00:01:00]} d5 {[%clk 00:55:24]} {[%emt 00:00:15]} 7. O-O {[%clk 00:51:16]}
{[%emt 00:02:22]} dxe4 {[%clk 00:45:30]} {[%emt 00:10:05]} 8. Re1 {[%clk
00:44:37]} {[%emt 00:06:48]} Be7 {[%clk 00:43:53]} {[%emt 00:01:47]} 9. Bc4
{[%clk 00:41:51]} {[%emt 00:02:56]} Qxd1 {[%clk 00:35:09]} {[%emt 00:08:53]} 10.
Rxd1 {[%clk 00:41:52]} {[%emt 00:00:09]} O-O {[%clk 00:35:00]} {[%emt
00:00:19]} 11. Nc3 {[%clk 00:36:27]} {[%emt 00:05:36]} Bg4 {[%clk 00:27:31]}
{[%emt 00:07:40]} 12. Ne2 {[%clk 00:31:21]} {[%emt 00:05:15]} Rfd8 {[%clk
00:24:12]} {[%emt 00:03:29]} 13. Re1 {[%clk 00:21:37]} {[%emt 00:09:54]} h6
{[%clk 00:15:23]} {[%emt 00:08:59]} 14. h3 {[%clk 00:20:00]} {[%emt 00:01:47]}
Bxe2 {[%clk 00:12:50]} {[%emt 00:02:43]} 15. Bxe2 {[%clk 00:19:33]} {[%emt
00:00:37]} Nd5 {[%clk 00:12:42]} {[%emt 00:00:19]} 16. c3 {[%clk 00:17:01]}
{[%emt 00:02:42]} Bc5 {[%clk 00:11:52]} {[%emt 00:00:57]} 17. Bg4 {[%clk
00:11:31]} {[%emt 00:05:41]} Nf6 {[%clk 00:07:01]} {[%emt 00:04:58]} 18. Bd1
{[%clk 00:07:16]} {[%emt 00:04:29]} a5 {[%clk 00:04:32]} {[%emt 00:02:39]} 19.
Bc2 {[%clk 00:05:45]} {[%emt 00:01:42]} Re8 {[%clk 00:04:00]} {[%emt 00:00:39]}
20. Bf4 {[%clk 00:03:32]} {[%emt 00:02:26]} Nd5 {[%clk 00:03:43]} {[%emt
00:00:27]} 21. Bd2 {[%clk 00:02:38]} {[%emt 00:01:03]} e3 {[%clk 00:02:55]}
{[%emt 00:00:58]} 22. fxe3 {[%clk 00:02:43]} {[%emt 00:00:05]} Bxe3+ {[%clk
00:02:37]} {[%emt 00:00:29]} 23. Bxe3 {[%clk 00:02:41]} {[%emt 00:00:11]} Nxe3
{[%clk 00:02:32]} {[%emt 00:00:15]} 24. Re2 {[%clk 00:02:14]} {[%emt 00:00:37]}
Nxc2 {[%clk 00:02:03]} {[%emt 00:00:40]} 25. Rxc2 {[%clk 00:02:20]} {[%emt
00:00:04]} a4 {[%clk 00:01:52]} {[%emt 00:00:21]} 26. Rd1 {[%clk 00:02:05]}
{[%emt 00:00:25]} Rad8 {[%clk 00:01:53]} {[%emt 00:00:08]} 27. Rxd8 {[%clk
00:01:45]} {[%emt 00:00:31]} Rxd8 {[%clk 00:02:02]} 28. Kf2 {[%clk 00:01:40]}
{[%emt 00:00:15]} Kf8 {[%clk 00:01:56]} {[%emt 00:00:15]} 29. Re2 {[%clk
00:01:45]} {[%emt 00:00:04]} g6 {[%clk 00:01:28]} {[%emt 00:00:39]} 30. Ke1
{[%clk 00:01:45]} {[%emt 00:00:10]} Re8 {[%clk 00:01:12]} {[%emt 00:00:27]} 31.
Kd2 {[%clk 00:01:44]} {[%emt 00:00:11]} Rxe2+ {[%clk 00:01:01]} {[%emt
00:00:20]} 32. Kxe2 {[%clk 00:01:53]} {[%emt 00:00:02]} Ke7 {[%clk 00:01:10]}
{[%emt 00:00:01]} 33. Kd3 {[%clk 00:02:02]} {[%emt 00:00:01]} Ke6 {[%clk
00:01:14]} {[%emt 00:00:05]} 34. Kc4 {[%clk 00:02:10]} {[%emt 00:00:02]} Ke5
{[%clk 00:01:09]} {[%emt 00:00:14]} 35. Kb4 {[%clk 00:02:17]} {[%emt 00:00:04]}
Ke4 {[%clk 00:01:18]} {[%emt 00:00:01]} 36. Kxa4 {[%clk 00:02:26]} {[%emt
00:00:02]} Ke3 {[%clk 00:01:25]} {[%emt 00:00:02]} 37. Kb4 {[%clk 00:02:34]}
{[%emt 00:00:03]} Kf2 {[%clk 00:01:31]} {[%emt 00:00:03]} 38. a4 {[%clk
00:02:43]} {[%emt 00:00:02]} Kxg2 {[%clk 00:01:36]} {[%emt 00:00:05]} 39. a5
{[%clk 00:02:52]} {[%emt 00:00:02]} f5 {[%clk 00:01:42]} {[%emt 00:00:03]} 40.
a6 {[%clk 00:03:00]} {[%emt 00:00:01]} f4 {[%clk 00:01:51]} 41. a7 {[%clk
00:03:09]} f3 {[%clk 00:01:52]} {[%emt 00:00:10]} 42. a8=Q {[%clk 00:03:16]}
{[%emt 00:00:03]} f2 {[%clk 00:01:58]} {[%emt 00:00:04]} 43. Qxc6+ {[%clk
00:03:23]} {[%emt 00:00:03]} Kg1 {[%clk 00:01:27]} {[%emt 00:00:40]} 44. Qxg6+
{[%clk 00:03:18]} {[%emt 00:00:15]} Kh2 {[%clk 00:01:03]} {[%emt 00:00:31]} 45.
Qf5 {[%clk 00:02:55]} {[%emt 00:00:37]} Kg2 {[%clk 00:00:25]} {[%emt 00:00:48]}
46. Qg4+ {[%clk 00:03:01]} {[%emt 00:00:04]} Kh1 {[%clk 00:00:28]} {[%emt
00:00:05]} 47. Qf3+ {[%clk 00:03:05]} {[%emt 00:00:33]} Kg1 {[%clk 00:00:14]}
{[%emt 00:00:09]} 48. Qg3+ {[%clk 00:03:07]} {[%emt 00:00:07]} Kf1 {[%clk
00:00:23]} {[%emt 00:00:02]} 49. Kc4 {[%clk 00:03:14]} {[%emt 00:00:03]} Ke2
{[%clk 00:00:26]} {[%emt 00:00:06]} 50. Qd3+ {[%clk 00:03:14]} {[%emt
00:00:10]} Ke1 {[%clk 00:00:28]} {[%emt 00:00:02]} 51. Qe3+ {[%clk 00:03:22]}
{[%emt 00:00:09]} Kf1 {[%clk 00:00:22]} {[%emt 00:00:15]} 52. Kd3 {[%clk
00:03:26]} {[%emt 00:00:05]} 1-0

[Event "ABC 2024 Utrecht, Groep B"]
[Site "Utrecht"]
[Date "2024.03.10"]
[Round "6.12"]
[White "Anssems, Gyan"]
[Black "Woldhuis, Marnik"]
[Result "1-0"]
[WhiteElo "1798"]
[BlackElo "1760"]

1. e4 {[%clk 00:55:17]} {[%emt 00:00:02]} e5 {[%clk 00:55:16]} {[%emt
00:00:05]} 2. Nf3 {[%clk 00:55:24]} {[%emt 00:00:03]} Nc6 {[%clk 00:55:23]}
{[%emt 00:00:04]} 3. Bc4 {[%clk 00:55:31]} {[%emt 00:00:02]} Nf6 {[%clk
00:55:23]} {[%emt 00:00:10]} 4. d3 {[%clk 00:55:33]} {[%emt 00:00:08]} Bc5
{[%clk 00:55:29]} {[%emt 00:00:04]} 5. O-O {[%clk 00:55:34]} {[%emt 00:00:10]}
d6 {[%clk 00:55:30]} {[%emt 00:00:08]} 6. a4 {[%clk 00:55:40]} {[%emt
00:00:03]} O-O {[%clk 00:55:12]} {[%emt 00:00:28]} 7. Bg5 {[%clk 00:55:36]}
{[%emt 00:00:14]} Bg4 {[%clk 00:55:05]} {[%emt 00:00:17]} 8. h3 {[%clk
00:55:17]} {[%emt 00:00:30]} Be6 {[%clk 00:54:53]} {[%emt 00:00:22]} 9. Nc3
{[%clk 00:54:03]} {[%emt 00:01:23]} h6 {[%clk 00:54:13]} {[%emt 00:00:50]} 10.
Bh4 {[%clk 00:54:09]} {[%emt 00:00:05]} a6 {[%clk 00:54:16]} {[%emt 00:00:08]}
11. Nd5 {[%clk 00:54:13]} {[%emt 00:00:05]} Bxd5 {[%clk 00:54:21]} {[%emt
00:00:05]} 12. exd5 {[%clk 00:53:55]} {[%emt 00:00:28]} Nb8 {[%clk 00:53:42]}
{[%emt 00:00:48]} 13. d4 {[%clk 00:53:35]} {[%emt 00:00:30]} Bb6 {[%clk
00:52:38]} {[%emt 00:01:14]} 14. dxe5 {[%clk 00:53:29]} {[%emt 00:00:17]} dxe5
{[%clk 00:52:45]} {[%emt 00:00:03]} 15. Nxe5 {[%clk 00:53:08]} {[%emt
00:00:30]} Qd6 {[%clk 00:52:54]} 16. Bg3 {[%clk 00:51:53]} {[%emt 00:01:25]}
Ne4 {[%clk 00:52:51]} {[%emt 00:00:14]} 17. Bh2 {[%clk 00:47:14]} {[%emt
00:04:49]} Nxf2 {[%clk 00:52:14]} {[%emt 00:00:47]} 18. Rxf2 {[%clk 00:47:13]}
{[%emt 00:00:10]} Bxf2+ {[%clk 00:52:23]} {[%emt 00:00:01]} 19. Kxf2 {[%clk
00:47:19]} {[%emt 00:00:02]} Qc5+ {[%clk 00:52:31]} {[%emt 00:00:05]} 20. Kf1
{[%clk 00:47:07]} {[%emt 00:00:21]} f6 {[%clk 00:52:24]} {[%emt 00:00:17]} 21.
d6+ {[%clk 00:46:41]} {[%emt 00:00:37]} Kh7 {[%clk 00:50:50]} {[%emt 00:01:43]}
22. Qd3+ {[%clk 00:44:52]} {[%emt 00:01:59]} f5 {[%clk 00:50:51]} {[%emt
00:00:10]} 23. dxc7 {[%clk 00:44:24]} {[%emt 00:00:38]} Qxc7 {[%clk 00:50:25]}
{[%emt 00:00:35]} 24. Ng6 {[%clk 00:39:17]} {[%emt 00:05:18]} Qc8 {[%clk
00:48:35]} {[%emt 00:02:00]} 25. Nxf8+ {[%clk 00:39:15]} {[%emt 00:00:12]} Qxf8
{[%clk 00:48:43]} 26. Bd6 {[%clk 00:39:04]} {[%emt 00:00:23]} Qf6 {[%clk
00:48:37]} {[%emt 00:00:15]} 27. g4 {[%clk 00:37:56]} {[%emt 00:01:18]} Nc6
{[%clk 00:45:23]} {[%emt 00:03:24]} 28. Qxf5+ {[%clk 00:37:38]} {[%emt
00:00:28]} Qxf5+ {[%clk 00:45:32]} {[%emt 00:00:02]} 29. gxf5 {[%clk 00:37:47]}
Rd8 {[%clk 00:45:22]} {[%emt 00:00:20]} 30. Bg3 {[%clk 00:36:50]} {[%emt
00:01:07]} Nb4 {[%clk 00:45:20]} {[%emt 00:00:12]} 31. Bb3 {[%clk 00:36:35]}
{[%emt 00:00:24]} Rf8 {[%clk 00:44:51]} {[%emt 00:00:39]} 32. Kg2 {[%clk
00:35:48]} {[%emt 00:00:57]} Rxf5 {[%clk 00:44:54]} {[%emt 00:00:08]} 33. c3
{[%clk 00:35:52]} {[%emt 00:00:06]} Nd5 {[%clk 00:43:57]} {[%emt 00:01:07]} 34.
Bxd5 {[%clk 00:35:44]} {[%emt 00:00:18]} Rxd5 {[%clk 00:44:06]} {[%emt
00:00:01]} 35. Rf1 {[%clk 00:35:36]} {[%emt 00:00:18]} Kg6 {[%clk 00:43:11]}
{[%emt 00:01:05]} 36. Rf2 {[%clk 00:34:58]} {[%emt 00:00:48]} b5 {[%clk
00:43:16]} {[%emt 00:00:05]} 37. axb5 {[%clk 00:35:01]} {[%emt 00:00:07]} axb5
{[%clk 00:43:25]} 38. h4 {[%clk 00:34:44]} {[%emt 00:00:27]} b4 {[%clk
00:43:01]} {[%emt 00:00:35]} 39. cxb4 {[%clk 00:34:03]} {[%emt 00:00:50]} Rd4
{[%clk 00:43:09]} {[%emt 00:00:02]} 40. Kh3 {[%clk 00:33:36]} {[%emt 00:00:36]}
Rxb4 {[%clk 00:43:11]} {[%emt 00:00:09]} 41. Be5 {[%clk 00:33:32]} {[%emt
00:00:13]} Rb5 {[%clk 00:42:00]} {[%emt 00:01:22]} 42. Bc3 {[%clk 00:33:27]}
{[%emt 00:00:14]} Rd5 {[%clk 00:41:50]} {[%emt 00:00:21]} 43. Rg2+ {[%clk
00:33:15]} {[%emt 00:00:22]} Kh5 {[%clk 00:41:11]} {[%emt 00:00:49]} 44. Rxg7
{[%clk 00:33:09]} {[%emt 00:00:15]} Rd4 {[%clk 00:40:30]} {[%emt 00:00:52]} 45.
Rg5+ {[%clk 00:32:39]} {[%emt 00:00:39]} hxg5 {[%clk 00:40:25]} {[%emt
00:00:16]} 46. Bxd4 {[%clk 00:32:47]} {[%emt 00:00:02]} gxh4 {[%clk 00:40:04]}
{[%emt 00:00:31]} 47. b4 {[%clk 00:32:49]} {[%emt 00:00:08]} Kg5 {[%clk
00:40:09]} {[%emt 00:00:04]} 48. b5 {[%clk 00:32:53]} {[%emt 00:00:07]} Kf4
{[%clk 00:39:11]} {[%emt 00:01:08]} 49. b6 {[%clk 00:32:57]} {[%emt 00:00:07]}
1-0

[Event "ABC 2024 Utrecht, Groep B"]
[Site "Utrecht"]
[Date "2024.03.10"]
[Round "7.1"]
[White "Kshirsagar, Pranav"]
[Black "Roolvink, William"]
[Result "0-1"]
[WhiteElo "1956"]
[BlackElo "1977"]

1. d4 {[%clk 00:55:19]} d5 {[%clk 00:54:41]} {[%emt 00:00:40]} 2. c4 {[%clk
00:55:25]} {[%emt 00:00:04]} c6 {[%clk 00:54:46]} {[%emt 00:00:05]} 3. Nc3
{[%clk 00:55:31]} {[%emt 00:00:04]} Nf6 {[%clk 00:54:52]} {[%emt 00:00:04]} 4.
Nf3 {[%clk 00:55:34]} {[%emt 00:00:07]} dxc4 {[%clk 00:54:44]} {[%emt
00:00:18]} 5. a4 {[%clk 00:54:36]} {[%emt 00:01:08]} Bf5 {[%clk 00:54:49]}
{[%emt 00:00:04]} 6. e3 {[%clk 00:54:33]} {[%emt 00:00:15]} e6 {[%clk
00:54:53]} {[%emt 00:00:05]} 7. Bxc4 {[%clk 00:54:20]} {[%emt 00:00:22]} Bb4
{[%clk 00:55:01]} {[%emt 00:00:03]} 8. O-O {[%clk 00:53:52]} {[%emt 00:00:37]}
O-O {[%clk 00:55:06]} {[%emt 00:00:06]} 9. Qe2 {[%clk 00:48:20]} {[%emt
00:05:42]} Bg6 {[%clk 00:51:46]} {[%emt 00:03:30]} 10. Rd1 {[%clk 00:46:39]}
{[%emt 00:01:51]} Nbd7 {[%clk 00:51:36]} {[%emt 00:00:18]} 11. Ne5 {[%clk
00:44:26]} {[%emt 00:02:24]} Nxe5 {[%clk 00:48:09]} {[%emt 00:03:37]} 12. dxe5
{[%clk 00:44:25]} {[%emt 00:00:12]} Nd7 {[%clk 00:48:03]} {[%emt 00:00:15]} 13.
f4 {[%clk 00:40:21]} {[%emt 00:04:14]} Qc7 {[%clk 00:41:04]} {[%emt 00:07:10]}
14. Bd2 {[%clk 00:37:00]} {[%emt 00:03:31]} a5 {[%clk 00:38:45]} {[%emt
00:02:29]} 15. Rac1 {[%clk 00:35:01]} {[%emt 00:02:09]} Nc5 {[%clk 00:36:14]}
{[%emt 00:02:40]} 16. b3 {[%clk 00:30:59]} {[%emt 00:04:12]} Rfd8 {[%clk
00:34:21]} {[%emt 00:02:04]} 17. Be1 {[%clk 00:28:00]} {[%emt 00:03:10]} Rxd1
{[%clk 00:25:39]} {[%emt 00:08:52]} 18. Rxd1 {[%clk 00:25:43]} {[%emt
00:02:26]} Rd8 {[%clk 00:24:12]} {[%emt 00:01:37]} 19. Kf1 {[%clk 00:19:10]}
{[%emt 00:06:43]} Kf8 {[%clk 00:22:56]} {[%emt 00:01:24]} 20. h3 {[%clk
00:17:20]} {[%emt 00:02:01]} Ke8 {[%clk 00:21:31]} {[%emt 00:01:36]} 21. g4
{[%clk 00:16:29]} {[%emt 00:01:01]} Qb6 {[%clk 00:16:24]} {[%emt 00:05:17]} 22.
Rxd8+ {[%clk 00:14:32]} {[%emt 00:02:07]} Qxd8 {[%clk 00:15:48]} {[%emt
00:00:47]} 23. Qd2 {[%clk 00:13:55]} {[%emt 00:00:46]} Qxd2 {[%clk 00:14:42]}
{[%emt 00:01:15]} 24. Bxd2 {[%clk 00:14:04]} {[%emt 00:00:02]} Bc2 {[%clk
00:14:47]} {[%emt 00:00:05]} 25. Ke2 {[%clk 00:10:59]} {[%emt 00:03:16]} Nxb3
{[%clk 00:10:43]} {[%emt 00:04:13]} 26. Bxb3 {[%clk 00:09:55]} {[%emt
00:01:14]} Bxb3 {[%clk 00:10:49]} {[%emt 00:00:04]} 27. Ne4 {[%clk 00:09:54]}
{[%emt 00:00:11]} Bxa4 {[%clk 00:05:36]} {[%emt 00:05:24]} 28. Bxb4 {[%clk
00:09:06]} {[%emt 00:00:57]} axb4 {[%clk 00:05:45]} {[%emt 00:00:02]} 29. Nd6+
{[%clk 00:06:46]} {[%emt 00:02:30]} Ke7 {[%clk 00:05:52]} {[%emt 00:00:03]} 30.
Kd3 {[%clk 00:06:01]} {[%emt 00:00:54]} b5 {[%clk 00:05:11]} {[%emt 00:00:51]}
31. Kd4 {[%clk 00:03:33]} {[%emt 00:02:38]} Bc2 {[%clk 00:04:19]} {[%emt
00:01:02]} 32. Nb7 {[%clk 00:02:33]} {[%emt 00:01:10]} Kd7 {[%clk 00:02:59]}
{[%emt 00:01:47]} 33. h4 {[%clk 00:02:13]} {[%emt 00:00:30]} Kc7 {[%clk
00:02:13]} {[%emt 00:00:56]} 34. Nc5 {[%emt 00:00:22]} Kb6 {[%clk 00:01:40]}
{[%emt 00:00:43]} 35. Nd7+ {[%clk 00:02:04]} {[%emt 00:00:07]} Ka5 {[%clk
00:01:41]} {[%emt 00:00:08]} 36. Nc5 {[%clk 00:02:10]} {[%emt 00:00:04]} b3
{[%clk 00:01:13]} {[%emt 00:00:39]} 37. Kc3 {[%clk 00:02:12]} {[%emt 00:00:08]}
b4+ {[%clk 00:01:14]} {[%emt 00:00:09]} 38. Kb2 {[%clk 00:02:03]} {[%emt
00:00:19]} Kb5 {[%clk 00:01:08]} {[%emt 00:00:15]} 39. Nb7 {[%clk 00:01:23]}
{[%emt 00:00:49]} Kc4 {[%clk 00:00:46]} {[%emt 00:00:34]} 40. Na5+ {[%clk
00:00:26]} {[%emt 00:01:07]} Kd5 {[%clk 00:00:34]} {[%emt 00:00:22]} 41. Nb7
{[%clk 00:00:19]} {[%emt 00:00:17]} c5 {[%clk 00:00:36]} {[%emt 00:00:07]} 42.
Nd6 {[%clk 00:00:27]} {[%emt 00:00:04]} c4 {[%clk 00:00:36]} {[%emt 00:00:09]}
43. g5 {[%clk 00:00:14]} {[%emt 00:00:23]} c3+ {[%clk 00:00:41]} {[%emt
00:00:05]} 44. Kc1 {[%clk 00:00:24]} Bd3 {[%clk 00:00:47]} {[%emt 00:00:04]} 45.
e4+ {[%clk 00:00:20]} {[%emt 00:00:15]} Kd4 {[%clk 00:00:44]} {[%emt 00:00:12]}
46. Kd1 {[%clk 00:00:16]} {[%emt 00:00:14]} b2 {[%clk 00:00:51]} {[%emt
00:00:03]} 47. Ke1 {[%clk 00:00:25]} b1=Q+ {[%clk 00:00:58]} {[%emt 00:00:03]}
48. Kf2 {[%clk 00:00:34]} Qf1+ {[%clk 00:01:04]} {[%emt 00:00:04]} 49. Kg3
{[%clk 00:00:44]} {[%emt 00:00:01]} Be2 {[%clk 00:01:03]} {[%emt 00:00:11]} 50.
Nxf7 {[%clk 00:00:38]} {[%emt 00:00:15]} Qg1+ {[%clk 00:01:08]} {[%emt
00:00:05]} 51. Kh3 {[%clk 00:00:45]} {[%emt 00:00:03]} Bg4+ {[%clk 00:01:15]}
{[%emt 00:00:03]} 0-1

[Event "ABC 2024 Utrecht, Groep B"]
[Site "Utrecht"]
[Date "2024.03.10"]
[Round "7.2"]
[White "Leenen, Boyd"]
[Black "Winter, Sven"]
[Result "1/2-1/2"]
[WhiteElo "1852"]
[BlackElo "1864"]

1. d4 {[%clk 00:55:19]} Nf6 {[%clk 00:55:16]} {[%emt 00:00:04]} 2. c4 {[%clk
00:55:21]} {[%emt 00:00:07]} e6 {[%clk 00:55:22]} {[%emt 00:00:05]} 3. Nf3
{[%clk 00:55:25]} {[%emt 00:00:05]} d5 {[%clk 00:55:28]} {[%emt 00:00:05]} 4.
Nc3 {[%clk 00:55:14]} {[%emt 00:00:21]} Be7 {[%clk 00:55:25]} {[%emt 00:00:13]}
5. cxd5 {[%clk 00:55:15]} {[%emt 00:00:09]} exd5 {[%clk 00:55:18]} {[%emt
00:00:17]} 6. Bf4 {[%clk 00:54:53]} {[%emt 00:00:32]} O-O {[%clk 00:55:06]}
{[%emt 00:00:22]} 7. e3 {[%clk 00:54:53]} {[%emt 00:00:10]} c6 {[%clk
00:55:01]} {[%emt 00:00:15]} 8. h3 {[%clk 00:54:43]} {[%emt 00:00:19]} Bf5
{[%clk 00:53:35]} {[%emt 00:01:37]} 9. Bd3 {[%clk 00:54:46]} {[%emt 00:00:07]}
Ne4 {[%clk 00:50:39]} {[%emt 00:03:06]} 10. O-O {[%clk 00:52:24]} {[%emt
00:02:31]} Re8 {[%clk 00:47:41]} {[%emt 00:03:09]} 11. Qc2 {[%clk 00:50:32]}
{[%emt 00:02:02]} Bf6 {[%clk 00:42:39]} {[%emt 00:05:12]} 12. Nd2 {[%clk
00:47:51]} {[%emt 00:02:51]} Nxc3 {[%clk 00:38:50]} {[%emt 00:03:59]} 13. bxc3
{[%clk 00:47:48]} {[%emt 00:00:13]} 1/2-1/2

[Event "ABC 2024 Utrecht, Groep B"]
[Site "Utrecht"]
[Date "2024.03.10"]
[Round "7.3"]
[White "Teianu, Sabin"]
[Black "Guillaumond, Matthieu"]
[Result "1-0"]
[WhiteElo "1938"]
[BlackElo "1948"]

1. d4 {[%clk 00:54:41]} {[%emt 00:00:38]} Nf6 {[%clk 00:54:24]} {[%emt
00:00:57]} 2. c4 {[%clk 00:54:46]} {[%emt 00:00:05]} g6 {[%clk 00:54:31]}
{[%emt 00:00:03]} 3. Nc3 {[%clk 00:54:53]} {[%emt 00:00:02]} Bg7 {[%clk
00:54:37]} {[%emt 00:00:05]} 4. e4 {[%clk 00:54:59]} {[%emt 00:00:03]} O-O
{[%clk 00:54:43]} {[%emt 00:00:04]} 5. Nf3 {[%clk 00:55:06]} {[%emt 00:00:02]}
d6 {[%clk 00:54:48]} {[%emt 00:00:07]} 6. Be2 {[%clk 00:55:13]} {[%emt
00:00:02]} e5 {[%clk 00:54:54]} {[%emt 00:00:04]} 7. Be3 {[%clk 00:55:20]}
{[%emt 00:00:03]} Ng4 {[%clk 00:55:01]} {[%emt 00:00:04]} 8. Bg5 {[%clk
00:55:25]} {[%emt 00:00:03]} f6 {[%clk 00:55:00]} {[%emt 00:00:12]} 9. Bc1
{[%clk 00:55:31]} {[%emt 00:00:03]} Nc6 {[%clk 00:55:03]} {[%emt 00:00:08]} 10.
O-O {[%clk 00:55:35]} {[%emt 00:00:06]} f5 {[%clk 00:55:04]} {[%emt 00:00:10]}
11. dxe5 {[%clk 00:55:30]} {[%emt 00:00:15]} Ngxe5 {[%clk 00:55:06]} {[%emt
00:00:07]} 12. exf5 {[%clk 00:55:31]} {[%emt 00:00:09]} Bxf5 {[%clk 00:55:07]}
{[%emt 00:00:10]} 13. Be3 {[%clk 00:55:35]} {[%emt 00:00:06]} Ng4 {[%clk
00:54:54]} {[%emt 00:00:22]} 14. Qd5+ {[%clk 00:55:38]} {[%emt 00:00:06]} Kh8
{[%clk 00:54:56]} {[%emt 00:00:09]} 15. Bg5 {[%clk 00:55:40]} {[%emt 00:00:05]}
Qd7 {[%clk 00:54:50]} {[%emt 00:00:19]} 16. Rae1 {[%clk 00:55:43]} {[%emt
00:00:07]} Rae8 {[%clk 00:53:40]} {[%emt 00:01:20]} 17. h3 {[%emt 00:03:47]}
Nge5 {[%clk 00:51:53]} {[%emt 00:01:56]} 18. Nxe5 {[%clk 00:45:45]} {[%emt
00:06:32]} Rxe5 {[%clk 00:51:01]} {[%emt 00:01:02]} 19. Qd2 {[%clk 00:45:35]}
{[%emt 00:00:19]} Nd4 {[%clk 00:39:03]} {[%emt 00:12:09]} 20. Bd1 {[%clk
00:29:50]} {[%emt 00:15:54]} c6 {[%clk 00:33:35]} {[%emt 00:05:40]} 21. Be3
{[%clk 00:26:11]} {[%emt 00:03:48]} Ne6 {[%clk 00:32:05]} {[%emt 00:01:41]} 22.
g4 {[%clk 00:24:55]} {[%emt 00:01:25]} Be4 {[%clk 00:24:59]} {[%emt 00:07:16]}
23. f4 {[%clk 00:23:55]} {[%emt 00:01:10]} 1-0

[Event "ABC 2024 Utrecht, Groep B"]
[Site "Utrecht"]
[Date "2024.03.10"]
[Round "7.4"]
[White "Katpatal, Akshaj"]
[Black "Okita, Shinsaku"]
[Result "1/2-1/2"]
[WhiteElo "1919"]
[BlackElo "1833"]

1. e4 {[%clk 00:55:11]} {[%emt 00:00:09]} c5 {[%clk 00:55:17]} {[%emt
00:00:04]} 2. Nf3 {[%clk 00:55:18]} {[%emt 00:00:03]} d6 {[%clk 00:55:24]}
{[%emt 00:00:03]} 3. d4 {[%clk 00:55:24]} {[%emt 00:00:04]} cxd4 {[%clk
00:55:29]} {[%emt 00:00:05]} 4. Nxd4 {[%clk 00:55:31]} {[%emt 00:00:04]} Nf6
{[%clk 00:55:30]} {[%emt 00:00:09]} 5. Nc3 {[%clk 00:55:37]} {[%emt 00:00:03]}
a6 {[%clk 00:55:27]} {[%emt 00:00:13]} 6. Bc4 {[%clk 00:55:27]} {[%emt
00:00:20]} e6 {[%clk 00:53:45]} {[%emt 00:01:52]} 7. Be3 {[%clk 00:55:27]}
{[%emt 00:00:11]} Be7 {[%clk 00:53:50]} {[%emt 00:00:04]} 8. f3 {[%clk
00:55:30]} {[%emt 00:00:07]} Nbd7 {[%clk 00:52:12]} {[%emt 00:01:48]} 9. O-O
{[%clk 00:55:01]} {[%emt 00:00:38]} O-O {[%clk 00:52:14]} {[%emt 00:00:09]} 10.
Qd2 {[%clk 00:54:28]} {[%emt 00:00:42]} b5 {[%clk 00:52:10]} {[%emt 00:00:15]}
11. Bxe6 {[%clk 00:50:44]} {[%emt 00:03:54]} fxe6 {[%clk 00:51:05]} {[%emt
00:01:15]} 12. Nxe6 {[%clk 00:50:41]} {[%emt 00:00:14]} Qa5 {[%clk 00:50:58]}
{[%emt 00:00:16]} 13. Nxf8 {[%emt 00:00:31]} Bxf8 {[%clk 00:50:30]} {[%emt
00:00:32]} 14. Bf4 {[%clk 00:49:19]} {[%emt 00:01:15]} Bb7 {[%clk 00:49:50]}
{[%emt 00:00:52]} 15. Rad1 {[%clk 00:48:34]} {[%emt 00:00:54]} b4 {[%clk
00:47:44]} {[%emt 00:02:17]} 16. Ne2 {[%clk 00:46:42]} {[%emt 00:02:01]} d5
{[%clk 00:46:59]} {[%emt 00:00:55]} 17. e5 {[%clk 00:37:41]} {[%emt 00:09:12]}
Nh5 {[%clk 00:47:00]} {[%emt 00:00:09]} 18. e6 {[%clk 00:37:42]} {[%emt
00:00:10]} Qb6+ {[%clk 00:46:06]} {[%emt 00:01:04]} 19. Nd4 {[%clk 00:27:33]}
{[%emt 00:10:18]} Nc5 {[%clk 00:45:04]} {[%emt 00:01:12]} 20. Rfe1 {[%clk
00:19:32]} {[%emt 00:08:11]} Re8 {[%clk 00:44:06]} {[%emt 00:01:08]} 21. Be3
{[%clk 00:18:00]} {[%emt 00:01:42]} Nxe6 {[%clk 00:37:51]} {[%emt 00:06:25]} 22.
Bf2 {[%clk 00:17:09]} {[%emt 00:01:01]} Qd6 {[%clk 00:34:57]} {[%emt 00:03:04]}
23. Nxe6 {[%clk 00:15:12]} {[%emt 00:02:07]} Rxe6 {[%clk 00:34:37]} {[%emt
00:00:30]} 24. Rxe6 {[%clk 00:14:11]} {[%emt 00:01:10]} Qxe6 {[%clk 00:33:22]}
{[%emt 00:01:26]} 25. Re1 {[%clk 00:13:56]} {[%emt 00:00:24]} Qd7 {[%clk
00:32:43]} {[%emt 00:00:49]} 26. Qd4 {[%clk 00:08:53]} {[%emt 00:05:14]} Qc6
{[%clk 00:31:27]} {[%emt 00:01:26]} 27. c3 {[%clk 00:07:31]} {[%emt 00:01:32]}
a5 {[%clk 00:30:28]} {[%emt 00:01:09]} 1/2-1/2